| 000 | 01454nam a2200229Ia 4500 | ||
|---|---|---|---|
| 005 | 20240315151736.0 | ||
| 008 | 190509s1927 ck fr spa | ||
| 040 |
_aCo-BoUCM _bspa _cSandra Yazo (modificó) _dSandra Yazo (modificó) |
||
| 041 | _aspa | ||
| 082 | 0 | 4 |
_a342 _220 |
| 092 | _aE63N149 | ||
| 100 | 1 | 0 |
_aConcha, José Vicente _d1867-1929 _996223 |
| 245 | 1 | 0 |
_aApuntamientos de derecho constitucional _cJosé Vicente Concha |
| 260 |
_aBogotá (Colombia) _bLibrería Americana _c1927 |
||
| 300 |
_a307 paginas _c18 x 13 cm |
||
| 500 | _aDetalles físicos: Encuadernación flexible en cartón forrado en tela. Guardas, la delantera con anotaciones y dibujo a lápiz. Portada impresa en una sola tinta. Texto impreso en una sola columnas. Faltante de páginas 291-298. Papel manchado, suciedad. | ||
| 505 | _aPrólogo ; Preliminares ; La constitución o la ley fundamental ; De la soberanía nacional ; De las formas de gobierno ; Del gobierno directo - Iniciativa y referéndum ; De la separación de los poderes públicos ; Del régimen representativo ; De la atribución del poder legislativo a dos cámaras ; Del gobierno de Gabinete ; De las funciones de la Cámara legislativa ; Del poder Ejecutivo ; Del poder judicial ; Del Consejo de Estado o legislativo | ||
| 506 | _aConsulta en sala | ||
| 650 | 0 | 4 |
_aTeoría del derecho _925308 |
| 690 |
_aDerecho constitucional _912725 |
||
| 942 |
_cLIBRO _a8 _e2 _mC744a _n0 _2LOCAL _hE63N149 |
||
| 999 |
_c324013 _d324013 |
||